Μητριά πατρίδα : πεζογράφημα
Αποθηκεύτηκε σε:
| Κύριος συγγραφέας: | |
|---|---|
| Μορφή: | Βιβλίο |
| Γλώσσα: | Greek |
| Δημοσίευση: |
Αθήνα :
Καστανιώτης,
1989.
|
| Θέματα: | |
| Ετικέτες: |
Προσθήκη ετικέτας
Δεν υπάρχουν, Καταχωρήστε ετικέτα πρώτοι!
|
MARC
| LEADER | 00000cam a2200000 i 4500 | ||
|---|---|---|---|
| 001 | 1/124880 | ||
| 008 | 220517s1989 gr g 0|0 e|gre|| | ||
| 020 | |a 960030234 | ||
| 040 | |a GR-MY-UA |b gre | ||
| 041 | 0 | |a gre | |
| 082 | 0 | |a 889.33 |2 (23) | |
| 100 | 1 | |a Γκανάς, Μιχάλης, |d 1944- | |
| 245 | 1 | 0 | |a Μητριά πατρίδα : |b πεζογράφημα / |c Μιχάλης Γκανάς. |
| 250 | |3 2η έκδ. | ||
| 260 | |a Αθήνα : |b Καστανιώτης, |c 1989. | ||
| 300 | |a 63,[1] σ. ; |c 21 εκ. | ||
| 650 | 0 | 0 | |a Greek literature. |
| 650 | 0 | 0 | |a Greek fiction, Modern. |
| 852 | |a INST |b LEMNOS |e 20220517 |h 889.33 ΓΚΑ |p 005600003372 |q 005600003372 |t BK |y 0 | ||
| 970 | |a Παπαθανασοπούλου |b Έλενα |z 2022/05/17 | ||